Gaststeden van de Olympische Winterspelen - Statistieken

Algemene statistieken
  • Deze quiz is 161 keer genomen
    18 sinds de laatste reset
  • De gemiddelde score is 11 van 23
Antwoordstatistieken
jaar Gaststad % Correct
2026 Milaan
93%
2022 Beijing
80%
2014 Sochi
73%
1952 Oslo
67%
2002, 2034 {Salt Lake} City
67%
2006 Turijn
67%
2010 Vancouver
67%
1932, 1980 Lake {Placid}
60%
1956 {Cortina} d'Ampezzo
53%
1998 Nagano
53%
1984 Sarajevo
53%
1924 Chamonix
47%
1988 Calgary
40%
1964, 1976 Innsbruck
40%
1994 Lillehammer
40%
2030 Nice
40%
1972 Sapporo
40%
1992 Albertville
33%
1968 Grenoble
27%
2018 Pyeongchang
27%
1936 Garmisch-Partenkirchen
20%
1928, 1948 Sankt Moritz
20%
1960 {Squaw} Valley
20%
Geen overeenkomende quizzen gevonden
Scoreverdeling
Procent van Mensen met Elke Score
Percentiel versus Aantal Correcte Antwoorden
Uw Scoregeschiedenis
U heeft deze quiz nog niet genomen sinds de laatste reset